La oncología médica (Record no. 5423)

MARC details
000 -LEADER
campo de control de longitud fija 00618nam a2200205 i 4500
001 - NÚMERO DE CONTROL
campo de control 5423
003 - IDENTIFICADOR DE NÚMERO DE CONTROL
campo de control ES-MaACL
005 - FECHA Y HORA DE LA ÚLTIMA TRANSACCIÓN
campo de control 20230906144556.0
007 - CAMPO FIJO DE DESCRIPCIÓN FÍSICA--INFORMACIÓN GENERAL
campo de control de longitud fija t|
008 - DATOS DE LONGITUD FIJA--INFORMACIÓN GENERAL
campo de control de longitud fija 880614s1983 sp d |||| | spa d
080 ## - NÚMERO DE LA CLASIFICACIÓN DECIMAL UNIVERSAL
Número de la Clasificación Decimal Universal 616-006
100 1# - ENTRADA PRINCIPAL--NOMBRE DE PERSONA
Nombre de persona García-Conde, Javier.
9 (RLIN) 54378
245 13 - MENCIÓN DEL TÍTULO
Título La oncología médica
Resto del título : formación, método y estrategia terapéutica /
Mención de responsabilidad, etc. por J. García-Conde.
260 ## - PUBLICACIÓN, DISTRIBUCIÓN, ETC.
Lugar de publicación, distribución, etc. Madrid :
Nombre del editor, distribuidor, etc. Productos Roche,
Fecha de publicación, distribución, etc. [1983]
300 ## - DESCRIPCIÓN FÍSICA
Extensión 96 p. :
Otras características físicas gráf. ;
Dimensiones 24 cm.
504 ## - NOTA DE BIBLIOGRAFÍA, ETC.
Nota de bibliografía, etc. Bibliografía: p. 92-96.
650 #4 - PUNTO DE ACCESO ADICIONAL DE MATERIA--TÉRMINO DE MATERIA
Término de materia o nombre geográfico como elemento de entrada Oncología.
9 (RLIN) 15704
710 2# - ENTRADA AGREGADA--NOMBRE DE ENTIDAD CORPORATIVA
Nombre de entidad corporativa o nombre de jurisdicción como elemento de entrada Productos Roche.
9 (RLIN) 6261
852 ## - LOCALIZACIÓN
Ubicación ES-MaACL
Número de control de estantería L-12126
Holdings
Estatus retirado Estado de pérdida Estado de daño No para préstamo Biblioteca de origen Biblioteca actual Ubicación en estantería Fecha de adquisición Fuente de adquisición Total de préstamos Signatura topográfica completa Código de barras Visto por última vez Precio de reemplazo Tipo de ítem Koha
        Biblioteca del Ateneo de Madrid Biblioteca del Ateneo de Madrid Depósito 2 17/01/2008     L-12126 1005490 23/02/2023 23/02/2023 Libro impreso